000 00215 a2200097 4500
001 30444
100 _aRobinson, Anne
245 _aPress and Cons
260 _a
_bRoutledge and Kegan Paul
_c
090 _c20388
_d20388
942 _aNUST-CAE
_cM
_c11545
999 _c265517
_d265517